| 000 | 00594nam a22001937a 4500 | ||
|---|---|---|---|
| 003 | PILC | ||
| 005 | 20150511142525.0 | ||
| 008 | 150511b xxu||||| |||| 00| 0 eng d | ||
| 020 | _a9715132138 | ||
| 050 |
_aQR 1502 _b.B352 2006 |
||
| 100 | _aBautista, Joy N. | ||
| 245 |
_aLaboratory workbook in microbiology and parasitology : _bfor the health professions / _cJoy N. Bautista. |
||
| 250 | _a1st ed. | ||
| 260 |
_aManila : _bEducational Publishing House, _c2006. |
||
| 300 |
_a221 pages : _billustrations, _c26 cm. |
||
| 650 | _aMicrobiology. | ||
| 650 | _aParasitology. | ||
| 942 |
_2lcc _cBK |
||
| 999 |
_c283951 _d283951 |
||